Štefan Belohradský. Výber z tvorby
| Hlavný autor: | |
|---|---|
| Médium: | Kniha |
| Jazyk: | slovenčina angličtina nemčina |
| Fyzický popis: | 1 zlož. list fotogr. 30 cm |
| Vydavateľské údaje: |
[Bratislava]
ARTPEX
2004
|
| ISBN: | 8096911643 |
| Vydanie: | [1. vyd.] |
| Predmet: |
MARC
| LEADER | 00000nam a22000005a 4500 | ||
|---|---|---|---|
| 001 | vtls001518738 | ||
| 003 | SK-MaSNL | ||
| 005 | 20260331204321.0 | ||
| 008 | 171201s2004 xo a g c 000 0bslo | ||
| 015 | |a SNBE2007/01-00477 | ||
| 020 | |a 8096911643 |q (brož.) | ||
| 040 | |a SNK |b slo |c SNK |e AACR2 | ||
| 041 | 0 | |a slo |a eng |a ger | |
| 043 | |a e-xo--- | ||
| 044 | |a xo |c SK | ||
| 072 | 7 | |a 72/76 |x Výtvarné umenie |2 konspekt | |
| 080 | |a 73.071.1:061.4 |x (437.6) |x (083.824) |2 2001 | ||
| 080 | |a (437.6) |2 2001 | ||
| 080 | |a (083.824) |2 2001 | ||
| 080 | |a (055) |2 2001 | ||
| 080 | |a 73 |2 2001 | ||
| 100 | 1 | |a Belohradský, Štefan, |d 1930-2012 |4 art |9 238693 | |
| 245 | 1 | 0 | |a Štefan Belohradský. Výber z tvorby |c koncepcia výstavy, text v bulletine: Ľuba Belohradská |
| 246 | 3 | |a Výber z tvorby | |
| 250 | |a [1. vyd.] | ||
| 260 | |a [Bratislava] |b ARTPEX |c 2004 | ||
| 300 | |a 1 zlož. list |b fotogr. |c 30 cm | ||
| 500 | |a Umelecká zbierka Slovenskej sporiteľne | ||
| 504 | |a Biogr. údaje | ||
| 546 | |a Súbež. text angl., nem | ||
| 600 | 1 | 7 | |a Belohradský, Štefan, |d 1930-2012 |2 SNKMA |9 238693 |
| 648 | 7 | |a 20.-21. stor. |2 SNKPH |9 270701 | |
| 650 | 0 | 7 | |a výtvarné umenie |2 SNKPH |9 723 |
| 651 | 7 | |a Slovensko |2 SNKPH |9 14231 | |
| 655 | 7 | |a katalógy výstav |2 SNKPH |9 70445 | |
| 700 | 1 | |a Belohradská, Ľuba, |d 1936- |4 aut |9 98509 | |
| 710 | 2 | |a Slovenská sporiteľňa |4 orm |9 31268 | |
| 919 | |a 80-969116-4-3 | ||
| 999 | |c 991122 |d 993052 | ||
| 952 | |a SNK |b SNK |y PREZ |7 0 |p 17A0460824 |o snkOSB 14199 |i snk2005/3656 |8 0 |0 0 |1 0 |4 0 |d 2005-03-09 |l 0 |r 2026-02-24 11:48:46 |w 2026-02-24 | ||
| 952 | |a SNK |b SNK |y VYP |7 0 |p 17A0460825 |o snkOSB 14199 D1 |i snk2005/3657 |8 0 |0 0 |1 0 |4 0 |d 2005-03-09 |l 0 |r 2026-02-24 11:48:46 |w 2026-02-24 | ||


